[Event "European Cities & Towns Chess Championship - Women"]
[Site "Central Europe"]
[Date "2023.01.29"]
[Round "1.4.2"]
[White "Paja, Valdete"]
[Black "Vujnovic, Patricija"]
[Result "0-1"]
[WhiteElo "1257"]
[BlackElo "2130"]
[BlackCountry "HR"]
[BlackFideId "14502313"]
[BlackTeam "Rijeka"]
[BlackTitle "WFM"]
[WhiteCountry "AL"]
[WhiteFideId "4707761"]
[WhiteTeam "TEUTA - Durres Albania"]

1. c4 e6 2. d4 d5 3. e3 Nf6 4. Nf3 Be7 5. a3 O-O 6. Be2 b6 7. O-O Bb7 8. 
h3 Nbd7 9. Nc3 c5 10. dxc5 Nxc5 11. cxd5 Nxd5 12. Nxd5 Bxd5 13. Bd2 Nb3 
14. Rb1 Bxf3 15. Bxf3 Nxd2 16. Bxa8 Nxb1 17. Qxb1 Qxa8 18. Rd1 Rd8 19. Qc2
Rxd1+ 20. Qxd1 Qd8 21. Qc2 g6 22. b4 a5 23. bxa5 bxa5 24. a4 Kg7 25. Qc3+ 
Bf6 26. Qc6 Qd5 27. Qa6 Qd1+ 28. Qf1 Qxf1+ 29. Kxf1 Bc3 30. Ke2 Bb4 31. 
Kd3 Kf6 32. e4 Ke5 33. f3 h5 34. g3 g5 35. g4 hxg4 36. hxg4 Kf4 37. Ke2 
Bc5 38. Kd3 Kxf3 39. e5 Kxg4 40. Kc4 Bb4 41. Kd4 Kf4 42. Kd3 g4 43. Ke2 g3
44. Kf1 Kf3 45. Kg1 Bc5+ 46. Kh1 g2+ 47. Kh2 g1=Q+ 48. Kh3 Qg3# 0-1

[Event "European Cities & Towns Chess Championship - Women"]
[Site "Central Europe"]
[Date "2023.01.29"]
[Round "1.4.3"]
[White "Berke, Ana"]
[Black "Ndreko, Ailin"]
[Result "1-0"]
[WhiteElo "2108"]
[BlackElo "1256"]
[BlackCountry "AL"]
[BlackFideId "4705807"]
[BlackTeam "TEUTA - Durres Albania"]
[WhiteCountry "HR"]
[WhiteFideId "14510359"]
[WhiteTeam "Rijeka"]
[WhiteTitle "WIM"]

1. e4 e5 2. Nf3 Nc6 3. Bb5 Bc5 4. O-O Nd4 5. Nxd4 Bxd4 6. c3 Bb6 7. d4 c6 
8. Ba4 d6 9. Be3 Nf6 10. Nd2 O-O 11. Kh1 Bc7 12. f4 Bg4 13. Nf3 Nxe4 14. 
dxe5 dxe5 15. Qxd8 Raxd8 16. Nxe5 Be6 17. Bc2 Nf6 18. b3 Bxe5 19. fxe5 Ng4
20. Bf4 f6 21. exf6 Nxf6 22. Bg5 Rd5 23. Rae1 Bg4 24. h4 Bh5 25. Re7 Rf7 
26. Rfe1 h6 27. Bc1 Bg4 28. Ba3 Nd7 29. Bg6 Rf6 30. Re8+ Nf8 31. Rxf8+ 
Rxf8 32. Bxf8 Rd8 33. Be7 Rd2 34. Bc5 Rd8 35. Bxa7 Kf8 36. Bc5+ Kg8 37. a4
Kh8 38. a5 Kg8 39. h5 Rd1 40. Rxd1 Bxd1 41. b4 Ba4 42. Bf5 Kf7 43. Bc8 Bd1
44. Bxb7 Bxh5 45. Bxc6 Be2 46. b5 Bxb5 47. Bxb5 Ke6 48. a6 Kd5 49. a7 Kxc5
50. a8=Q Kxb5 51. Qc8 Ka4 52. Qb7 Ka5 53. c4 Ka4 54. c5 Ka3 55. c6 Ka4 56.
 c7 Ka3 57. c8=Q Ka2 58. Qca8# 1-0

[Event "European Cities & Towns Chess Championship - Women"]
[Site "Central Europe"]
[Date "2023.01.29"]
[Round "1.5.1"]
[White "Gkoutzouki, Aikaterini Argyro"]
[Black "Avramidou, Anastasia"]
[Result "0-1"]
[WhiteElo "1742"]
[BlackElo "2321"]
[BlackCountry "GR"]
[BlackFideId "4239873"]
[BlackTeam "Thessaloniki"]
[BlackTitle "FM"]
[WhiteCountry "GR"]
[WhiteFideId "25838105"]
[WhiteTeam "Corfu, Greece"]

1. d4 Nf6 2. c4 g6 3. Nc3 d5 4. Nf3 Bg7 5. Bg5 Ne4 6. Bf4 Nxc3 7. bxc3 c6 
8. e3 O-O 9. Be2 Bg4 10. cxd5 cxd5 11. Qb3 Qd7 12. h3 Bxf3 13. Bxf3 e6 14.
 c4 Rd8 15. cxd5 exd5 16. O-O Nc6 17. Rab1 b6 18. Rfc1 Rac8 19. Qb5 h6 20.
 a4 Qe6 21. Qb3 Na5 22. Rxc8 Qxc8 23. Qd1 Nc4 24. Rc1 Qd7 25. Be2 Rc8 26. 
e4 a6 27. exd5 Qxd5 28. Qb3 b5 29. Bxc4 bxc4 30. Qe3 Qxd4 31. Qxd4 Bxd4 
32. Bxh6 c3 33. Kf1 c2 34. Be3 Bb2 35. Re1 c1=Q 36. Bxc1 Rxc1 37. Rxc1 
Bxc1 38. Ke2 a5 39. f3 Kg7 40. Kd3 Kf6 41. Ke4 Ke6 42. g4 Kd6 43. h4 Kc5 
44. h5 gxh5 45. gxh5 Bh6 46. f4 Bg7 47. f5 Kb4 48. Kd5 Kxa4 49. Kd6 Bf6 
50. Kd7 Kb3 51. Ke8 Bg5 52. Kxf7 a4 53. f6 a3 54. Kg6 Bxf6 55. Kxf6 a2 56.
 Kg6 a1=Q 57. h6 Qh8 58. h7 Kc4 59. Kh6 Kd5 60. Kg6 Ke6 61. Kh6 Kf7 0-1

[Event "European Cities & Towns Chess Championship - Women"]
[Site "Central Europe"]
[Date "2023.01.29"]
[Round "1.5.2"]
[White "Grapsa, Georgia"]
[Black "Sklavounou, Kalliopi"]
[Result "1-0"]
[WhiteElo "1989"]
[BlackElo "1375"]
[BlackCountry "GR"]
[BlackFideId "25839250"]
[BlackTeam "Corfu, Greece"]
[WhiteCountry "GR"]
[WhiteFideId "4206436"]
[WhiteTeam "Thessaloniki"]
[WhiteTitle "WFM"]

1. d4 Nf6 2. c4 e6 3. g3 d5 4. Nf3 Be7 5. Bg2 O-O 6. O-O dxc4 7. Qc2 a6 8.
 a4 Bd7 9. Qxc4 Nc6 10. Nc3 Na5 11. Qa2 Rc8 12. Ne5 Bc6 13. Nxc6 Nxc6 14. 
e3 Qd7 15. Rd1 Nb4 16. Qc4 Nfd5 17. e4 Nxc3 18. bxc3 Nc6 19. a5 Na7 20. 
Be3 Qb5 21. Qxb5 Nxb5 22. c4 Nd6 23. Rdc1 b5 24. cxb5 Nxb5 25. e5 Rb8 26. 
Bf1 Rfc8 27. Rab1 c6 28. Bg2 Ba3 29. Rxc6 Rxc6 30. Bxc6 Be7 31. d5 exd5 
32. Bxd5 Rd8 33. Bb7 Nc3 34. Rb6 Rd1+ 35. Kg2 h6 36. Rxa6 Na4 37. Be4 g6 
38. e6 Kg7 39. exf7 Kxf7 40. Bxg6+ 1-0

[Event "European Cities & Towns Chess Championship - Women"]
[Site "Central Europe"]
[Date "2023.01.29"]
[Round "1.5.3"]
[White "Sklavounou, Iliana"]
[Black "Drakaki, Anna-Maria"]
[Result "1-0"]
[WhiteElo "1296"]
[BlackElo "1941"]
[BlackCountry "GR"]
[BlackFideId "4225210"]
[BlackTeam "Thessaloniki"]
[WhiteCountry "GR"]
[WhiteFideId "25829238"]
[WhiteTeam "Corfu, Greece"]

1. e4 c5 2. Nf3 d6 3. d4 cxd4 4. Nxd4 Nf6 5. Nc3 a6 6. h3 e5 7. Nde2 Be6 
8. Bg5 Nbd7 9. Qd2 Be7 10. Ng3 h6 11. Bxf6 Nxf6 12. Nd5 Bxd5 13. exd5 Qd7 
14. Be2 O-O 15. O-O b5 16. Rfd1 Rac8 17. c3 Rc5 18. Bf3 Re8 19. Ne4 Nxe4 
20. Bxe4 f5 21. Bc2 Bg5 22. Qe1 e4 23. a4 b4 24. Bb3 bxc3 25. bxc3 Rb8 26.
 Ra3 Bf6 27. Ba2 Rb2 28. c4 Rc2 29. Rc1 Rxc1 30. Qxc1 Qc7 31. Qc2 Rxd5 32.
 c5 Qf7 33. c6 Kh7 34. Bxd5 Qxd5 35. c7 Qa5 36. c8=Q Qe1+ 37. Kh2 Be5+ 38.
 g3 Kg6 39. Qe8+ Kf6 40. Qf8+ Kg6 41. Rb3 h5 42. Rb7 e3 43. Qe8+ Kh6 44. 
Qxf5 Bxg3+ 45. fxg3 Qe2+ 46. Kg1 Qe1+ 47. Qf1 Qxg3+ 48. Kh1 1-0

[Event "European Cities & Towns Chess Championship - Women"]
[Site "Central Europe"]
[Date "2023.01.29"]
[Round "1.5.4"]
[White "Pasoglou, Ekaterini"]
[Black "Vlahopoulou, Valeria"]
[Result "1-0"]
[WhiteElo "1872"]
[BlackElo "1000"]
[BlackTeam "Corfu, Greece"]
[Termination "time forfeit"]
[WhiteCountry "GR"]
[WhiteFideId "4247663"]
[WhiteTeam "Thessaloniki"]

1. e4 e5 2. Nf3 Nc6 3. Bb5 d6 4. O-O Nf6 5. d3 Bg4 6. h3 Bh5 7. Nbd2 a6 8.
 Bxc6+ bxc6 9. c3 d5 10. Qe2 Bd6 11. Qe3 O-O 12. Qe2 Rb8 13. Re1 Bc5 14. 
Nf1 Qe7 15. Ng3 Bxf3 16. Qxf3 d4 17. Nf5 Qd7 18. Qg3 g6 19. Qxe5 Qe6 20. 
Nh6+ Kg7 21. Qxc5 Rb5 22. Qxd4 c5 23. Qe3 c4 24. dxc4 Qxc4 25. e5 Nd5 26. 
Qg5 Qf4 27. Bxf4 Nxf4 28. Qxf4 1-0

[Event "European Cities & Towns Chess Championship - Women"]
[Site "Central Europe"]
[Date "2023.01.29"]
[Round "1.6.1"]
[White "Reizniece-Ozola, Dana"]
[Black "Tsapaki, Asimenia"]
[Result "1-0"]
[WhiteElo "2265"]
[BlackElo "1498"]
[BlackCountry "GR"]
[BlackFideId "25845365"]
[BlackTeam "Heraklion Women"]
[WhiteCountry "LV"]
[WhiteFideId "11601124"]
[WhiteTeam "Kuldiga CC - Latvia"]
[WhiteTitle "WGM"]

1. c4 e5 2. Nc3 Be7 3. g3 d6 4. Bg2 f5 5. d3 Nf6 6. e3 O-O 7. Nge2 Qe8 8. 
O-O Qh5 9. f4 Nc6 10. Nd5 Bd8 11. Qd2 Qg6 12. b3 h5 13. Bb2 h4 14. Rae1 
Ng4 15. h3 Nf6 16. Nxf6+ Bxf6 17. gxh4 Bxh4 18. Rd1 e4 19. dxe4 fxe4 20. 
Kh2 Bf5 21. Rg1 Qh6 22. Qd5+ Be6 23. Qxe4 Bf2 24. Qxe6+ Qxe6 25. Bd5 Bxg1+
26. Rxg1 Qxd5 27. cxd5 Ne5 28. fxe5 Rf2+ 29. Rg2 Raf8 30. e6 Rxg2+ 31. 
Kxg2 Rf5 32. e4 Rg5+ 33. Kf3 Kf8 34. Ng3 c6 35. h4 Rg6 36. Kf4 cxd5 37. 
exd5 Ke7 38. h5 Rf6+ 39. Nf5+ Ke8 40. Bxf6 gxf6 41. h6 1-0

[Event "European Cities & Towns Chess Championship - Women"]
[Site "Central Europe"]
[Date "2023.01.29"]
[Round "1.6.2"]
[White "Kontogianni, Vasiliki (Vivian)"]
[Black "Krumina, Linda"]
[Result "1-0"]
[WhiteElo "1442"]
[BlackElo "2073"]
[BlackCountry "LV"]
[BlackFideId "11601701"]
[BlackTeam "Kuldiga CC - Latvia"]
[BlackTitle "WFM"]
[WhiteCountry "GR"]
[WhiteFideId "42106672"]
[WhiteTeam "Heraklion Women"]

1. e4 c5 2. Nf3 Nc6 3. d4 cxd4 4. Nxd4 Nf6 5. Nc3 e5 6. Nf5 d6 7. Bc4 Be6 
8. Ne3 Be7 9. O-O O-O 10. Ned5 Nd4 11. Nxe7+ Qxe7 12. Bxe6 fxe6 13. Be3 
Nc6 14. f3 a6 15. Qd2 b5 16. a3 Rad8 17. Rad1 d5 18. exd5 exd5 19. Bg5 Nd4
20. Ne2 Ne6 21. Bxf6 gxf6 22. Nc3 d4 23. Ne4 f5 24. Ng3 Nf4 25. Ne2 Nd5 
26. Rfe1 Ne3 27. Rc1 Qg5 28. Ng3 h5 29. Nf1 f4 30. Qe2 Rf7 31. Nxe3 fxe3 
32. Rcd1 Rdf8 33. Kh1 Qf4 34. Qd3 Rg7 35. Rg1 h4 36. Rdf1 Rf6 37. Qe4 Qxe4
38. fxe4 Rxf1 39. Rxf1 Rg4 40. Re1 Rxe4 41. g3 Rg4 42. Kg2 hxg3 43. hxg3 
Kf7 44. Kf3 Rg6 45. c3 Ke6 46. cxd4 exd4 47. Ke4 Rg4+ 48. Kf3 Rg5 49. Ke4 
Rd5 50. g4 Rd7 51. g5 Kf7 52. Kd3 Kg6 53. Rg1 Rd5 54. Rg4 Kf5 55. Rg1 Kg6 
56. Rg4 Rd6 57. Rg2 a5 58. Rg1 a4 59. Rg2 Rd5 60. Rg4 Kh5 61. Re4 Kxg5 62.
 Re7 Kf4 63. Rf7+ Rf5 64. Re7 Kf3 65. Kxd4 Rf4+ 66. Kd3 Kf2 67. Rxe3 Rf3 
68. Rxf3+ Kxf3 69. Kd4 Ke2 70. Kc5 1-0

[Event "European Cities & Towns Chess Championship - Women"]
[Site "Central Europe"]
[Date "2023.01.29"]
[Round "1.6.3"]
[White "Maklakova, Nellija"]
[Black "Varveraki, Argiri"]
[Result "1-0"]
[WhiteElo "1817"]
[BlackElo "1404"]
[BlackCountry "GR"]
[BlackFideId "4217667"]
[BlackTeam "Heraklion Women"]
[WhiteCountry "LV"]
[WhiteFideId "11603470"]
[WhiteTeam "Kuldiga CC - Latvia"]

1. c4 c5 2. Nc3 Nc6 3. e3 g6 4. d4 cxd4 5. exd4 e5 6. d5 Nd4 7. Be3 Nf5 8.
 Bd2 Bg7 9. Nf3 Nge7 10. Bd3 O-O 11. O-O Kh8 12. Ne4 d6 13. Bb4 a5 14. Bc3
Nh6 15. Bc2 Nhg8 16. a3 h6 17. b4 f5 18. Ned2 e4 19. Bxg7+ Kxg7 20. Nd4 g5
21. Qb1 Ng6 22. Qb2 Qf6 23. N2b3 a4 24. Na5 Nf4 25. Bxa4 Ne2+ 26. Qxe2 
Qxd4 27. Rfd1 Qe5 28. Bc2 Nf6 29. h3 g4 30. h4 f4 31. f3 gxf3 32. gxf3 e3 
33. Kh1 Kh8 34. Rg1 Nh5 35. Rae1 Ng3+ 36. Rxg3 fxg3 37. Qxe3 Qxe3 38. Rxe3
Rg8 39. Re7 Rg7 40. Re8+ Rg8 41. Re7 Rg7 42. Re8+ Rg8 43. Rxg8+ Kxg8 44. 
Kg2 Kg7 45. a4 Kf6 46. Kxg3 Ke5 47. Kf2 Bf5 48. Bd1 b6 49. Nc6+ Kf4 50. a5
bxa5 51. Nxa5 Bd3 52. Bb3 Rb8 53. Nc6 Re8 54. Nd4 Ra8 55. c5 dxc5 56. bxc5
Ra3 57. c6 Ke5 58. c7 Ba6 59. Ke3 Rxb3+ 60. Nxb3 Kxd5 61. f4 Kc6 62. Kd4 
Kxc7 63. Ke5 Kd7 64. Kf6 Bc4 65. Nc5+ Kd6 66. Ne4+ Kd5 67. Ng3 Kd6 68. Kg6
Ke6 69. f5+ Ke7 70. f6+ Kf8 71. Kxh6 Kf7 72. Kg5 Bd3 73. Nh5 Bg6 74. Nf4 
Be4 75. h5 Bc2 76. Ng6 Kg8 77. Ne5 Bb3 78. h6 Be6 79. Ng6 Bf7 80. Ne7+ Kh7
81. Nc6 Bg6 82. Ne5 Be8 83. f7 Bxf7 84. Nxf7 Kg8 85. Kg6 Kf8 86. h7 Ke8 
87. h8=Q+ Ke7 88. Qd8+ Ke6 89. Qd6# 1-0

[Event "European Cities & Towns Chess Championship - Women"]
[Site "Central Europe"]
[Date "2023.01.29"]
[Round "1.6.4"]
[White "Papadimitriou, Argyro"]
[Black "Kane, Marta"]
[Result "0-1"]
[WhiteElo "1000"]
[BlackElo "1836"]
[BlackCountry "LV"]
[BlackFideId "11603569"]
[BlackTeam "Kuldiga CC - Latvia"]
[Termination "time forfeit"]
[WhiteCountry "GR"]
[WhiteFideId "42133041"]
[WhiteTeam "Heraklion Women"]

1. d4 d5 2. c4 c6 3. Nf3 Nf6 4. Nc3 e6 5. Bg5 Be7 6. h3 Nbd7 7. e3 O-O 8. 
Bd3 dxc4 9. Bxc4 b5 10. Bb3 a6 11. O-O Bb7 12. Bc2 c5 13. Ne5 Qc7 14. f4 
Rfd8 15. Nxd7 Rxd7 16. Bxf6 Bxf6 17. Qh5 g6 18. Qh6 cxd4 19. exd4 Rxd4 20.
 Ne2 Rd2 21. Bd1 Qc6 22. Rf3 Qd7 23. Rc1 Rxd1+ 24. Rxd1 Qxd1+ 25. Kh2 Qxe2
26. h4 Bxf3 0-1

[Event "European Cities & Towns Chess Championship - Women"]
[Site "Central Europe"]
[Date "2023.01.29"]
[Round "2.1.1"]
[White "Houska, Jovanka"]
[Black "Cvitan, Ena"]
[Result "0-1"]
[WhiteElo "2338"]
[BlackElo "2301"]
[BlackCountry "HR"]
[BlackFideId "14534215"]
[BlackTeam "Rijeka"]
[BlackTitle "FM"]
[WhiteCountry "GB"]
[WhiteFideId "405094"]
[WhiteTeam "London Women"]
[WhiteTitle "IM"]

1. d4 d5 2. c4 e6 3. Nf3 a6 4. cxd5 exd5 5. Nc3 Nf6 6. Bg5 Be6 7. e3 Nbd7 
8. Bd3 Bd6 9. Qc2 c6 10. O-O Qc7 11. Ne2 Bg4 12. Bf4 Bxf3 13. gxf3 g6 14. 
b4 O-O 15. a4 Bxf4 16. Nxf4 Qd6 17. Rab1 b5 18. Rfc1 Rfc8 19. a5 Nf8 20. 
Bf1 Qe7 21. Qc5 Qd8 22. Rb2 Ne8 23. Bh3 Rc7 24. Rbc2 Nd7 25. Qc3 Ndf6 26. 
Qd2 Qd6 27. Nd3 Nd7 28. Bxd7 Qxd7 29. Ne5 Qe7 30. Rxc6 Rac8 31. Rxc7 Rxc7 
32. Rc5 Qg5+ 33. Kh1 f6 34. Nd3 Qf5 35. Qe2 Re7 36. e4 Qe6 37. Nf4 Qf7 38.
 Nxd5 Rd7 39. Rc8 Kg7 40. Rc6 Nd6 41. Rxa6 Nc4 42. Rxf6 Qe8 43. Rc6 Rxd5 
44. a6 Rd7 45. d5 Qe5 46. Kg2 h5 47. h4 Kh7 48. Re6 Qf4 49. Qd3 Qxh4 50. 
e5 Qg5+ 51. Kf1 Nxe5 52. Qe4 Nf7 53. Rb6 h4 54. Rb7 Rxb7 55. axb7 Qc1+ 56.
 Kg2 Qc7 57. d6 Nxd6 58. Qxh4+ Kg8 59. Qf6 Nxb7 60. Qe6+ Kg7 61. f4 Nd6 
62. Qe5+ Kf7 63. Kh3 Qe7 64. Qd5+ Qe6+ 0-1

[Event "European Cities & Towns Chess Championship - Women"]
[Site "Central Europe"]
[Date "2023.01.29"]
[Round "2.1.2"]
[White "Vujnovic, Patricija"]
[Black "Yao, Lan"]
[Result "1/2-1/2"]
[WhiteElo "2130"]
[BlackElo "2271"]
[BlackCountry "GB"]
[BlackFideId "8610835"]
[BlackTeam "London Women"]
[BlackTitle "WIM"]
[WhiteCountry "HR"]
[WhiteFideId "14502313"]
[WhiteTeam "Rijeka"]
[WhiteTitle "WFM"]

1. d4 Nf6 2. Nc3 d5 3. Bf4 Bf5 4. e3 c6 5. f3 e6 6. g4 Bg6 7. h4 h5 8. g5 
Ng8 9. Nge2 Bd6 10. Bxd6 Qxd6 11. Nf4 Bf5 12. Bd3 Ne7 13. Qd2 Bxd3 14. 
Qxd3 Nd7 15. O-O-O O-O-O 16. Nfe2 Nb6 17. Nb1 Kb8 18. Qa3 Qc7 19. Qd3 Nf5 
20. e4 Ne7 21. Qc3 Rc8 22. Nd2 Rhd8 23. Kb1 g6 24. Nb3 Nc4 25. Nd2 Nxd2+ 
26. Rxd2 c5 27. dxc5 Qxc5 28. Qxc5 Rxc5 29. Rhd1 Rdc8 30. Nc3 a6 31. exd5 
Nxd5 32. Nxd5 exd5 33. c3 Rd8 34. Rd4 Rd7 35. Rf4 Re7 36. Kc2 Kc7 37. Rd2 
Rc4 38. Rdd4 Rxd4 39. cxd4 Kd6 40. Rf6+ Kd7 41. Kd3 Ke8 42. a3 Rc7 43. Rd6
Rd7 44. Rf6 Ke7 45. b4 Rd6 46. Rf4 Rc6 47. a4 Rc1 48. Rf6 Rc6 49. Rxc6 
bxc6 50. Ke3 Kd6 51. Kf4 Ke6 52. Ke3 Kf5 53. Ke2 Kf4 54. Kf2 Kf5 55. Ke3 
Ke6 56. Kf4 Kd6 57. Ke3 Ke6 58. Kf4 Kd6 59. Ke3 Ke6 1/2-1/2

[Event "European Cities & Towns Chess Championship - Women"]
[Site "Central Europe"]
[Date "2023.01.29"]
[Round "2.1.3"]
[White "Toma, Katarzyna"]
[Black "Berke, Ana"]
[Result "0-1"]
[WhiteElo "2232"]
[BlackElo "2108"]
[BlackCountry "HR"]
[BlackFideId "14510359"]
[BlackTeam "Rijeka"]
[BlackTitle "WIM"]
[Termination "time forfeit"]
[WhiteCountry "GB"]
[WhiteFideId "1119907"]
[WhiteTeam "London Women"]
[WhiteTitle "WGM"]

1. e4 c5 2. Nf3 d6 3. d4 cxd4 4. Qxd4 e5 5. Bb5+ Nc6 6. Qd3 h6 7. c4 Nf6 
8. Nc3 Be7 9. O-O O-O 10. h3 a6 11. Ba4 Rb8 12. Rd1 Nb4 13. Qe2 Qc7 14. 
Be3 Be6 15. Nd5 Nbxd5 16. cxd5 Bd7 17. Bxd7 Qxd7 18. Bb6 Bd8 19. Bxd8 
Rfxd8 20. Nh4 g6 21. Nf3 Kg7 22. Nd2 Rbc8 23. Rdc1 b5 24. Nb3 Rxc1+ 25. 
Rxc1 Rc8 26. Rc2 Qd8 27. Rc6 Nh5 28. Qc2 Rb8 29. Rxa6 Nf4 30. Kh2 Qh4 31. 
Rxd6 g5 32. f3 h5 33. Rd7 Rc8 34. Qxc8 Qf2 35. Rxf7+ Kxf7 36. Qf5+ Ke8 37.
 Qxe5+ Kf8 38. Qf5+ Ke8 39. Qxg5 Ne2 40. Qxh5+ Ke7 41. Qg5+ Ke8 42. h4 
Qg1+ 43. Kh3 Qh1+ 44. Kg4 Qxg2+ 45. Kh5 Qxf3+ 46. Kh6 Ng3 47. Qg6+ Kd8 48.
 h5 Nxe4 49. Kh7 Nf6+ 50. Kh8 Ne8 51. Nc5 Qf8+ 0-1

[Event "European Cities & Towns Chess Championship - Women"]
[Site "Central Europe"]
[Date "2023.01.29"]
[Round "2.1.4"]
[White "Kukic, Lora"]
[Black "Hryshchenko, Kamila"]
[Result "1-0"]
[WhiteElo "1945"]
[BlackElo "2139"]
[BlackCountry "GB"]
[BlackFideId "14147491"]
[BlackTeam "London Women"]
[WhiteCountry "HR"]
[WhiteFideId "14520699"]
[WhiteTeam "Rijeka"]

1. d4 d6 2. c4 g6 3. Nf3 Bg7 4. g3 Nf6 5. Bg2 O-O 6. O-O c6 7. Nc3 Nbd7 8.
 e4 e5 9. Bg5 h6 10. Bxf6 Qxf6 11. dxe5 dxe5 12. b4 Rd8 13. Qe2 Nf8 14. 
Rfd1 Bg4 15. h3 Bxf3 16. Qxf3 Qe7 17. b5 Ne6 18. Ne2 Qc5 19. Qb3 Rab8 20. 
h4 a6 21. a4 a5 22. Bh3 Nd4 23. Nxd4 exd4 24. Rd3 Qe7 25. Re1 Bf8 26. h5 
Kh7 27. hxg6+ Kxg6 28. Bf5+ Kg7 29. Qd1 Qc5 30. Qg4+ Kh8 31. Qh5 Qe7 32. 
c5 Bg7 33. Rc1 Qg5 34. Qxg5 hxg5 35. Kg2 Kg8 36. f4 Kf8 37. e5 Ke7 38. 
Rcd1 cxb5 39. axb5 gxf4 40. gxf4 Rg8 41. Kf3 Rh8 42. Rxd4 Rh2 43. Rd7+ Ke8
44. e6 fxe6 45. Rxg7 Kf8 46. Rdg1 1-0

[Event "European Cities & Towns Chess Championship - Women"]
[Site "Central Europe"]
[Date "2023.01.29"]
[Round "2.2.1"]
[White "Avramidou, Anastasia"]
[Black "Unuk, Laura"]
[Result "1/2-1/2"]
[WhiteElo "2321"]
[BlackElo "2296"]
[BlackCountry "SI"]
[BlackFideId "14609215"]
[BlackTeam "Ljubljana Women"]
[BlackTitle "IM"]
[WhiteCountry "GR"]
[WhiteFideId "4239873"]
[WhiteTeam "Thessaloniki"]
[WhiteTitle "FM"]

1. d4 Nf6 2. c4 e6 3. Nc3 d5 4. cxd5 exd5 5. Bg5 c6 6. e3 Nbd7 7. Bd3 Bd6 
8. Qc2 Nf8 9. Nf3 Ne6 10. Bh4 Be7 11. O-O-O g6 12. Kb1 Ne4 13. Bxe7 Nxc3+ 
14. Qxc3 Qxe7 15. h4 Ng7 16. Ne5 Qd6 17. Qb3 Rb8 18. Rc1 Bf5 19. Bxf5 Nxf5
20. h5 O-O 21. Rh3 f6 22. Ng4 g5 23. Qd3 Qe6 24. Ka1 Nd6 25. f3 Rbe8 26. 
Rg3 Kh8 27. h6 Nf7 28. Rh3 f5 29. Ne5 Nxe5 30. dxe5 Qxe5 31. f4 gxf4 32. 
exf4 Qxf4 33. Rf1 Qe5 34. Rhf3 Qe1+ 35. Qb1 Qxb1+ 36. Kxb1 Rf6 37. Rxf5 
Rxh6 38. Rf7 Rg6 39. a3 Rg7 40. Rf8+ Rxf8 41. Rxf8+ Rg8 42. Rf7 Rxg2 43. 
Rxb7 h5 44. Rxa7 h4 45. Ra4 Rh2 46. Rg4 h3 47. a4 Re2 48. Rh4+ Kg7 49. 
Rxh3 Re4 50. b3 Rb4 1/2-1/2

[Event "European Cities & Towns Chess Championship - Women"]
[Site "Central Europe"]
[Date "2023.01.29"]
[Round "2.2.2"]
[White "Urh, Zala"]
[Black "Grapsa, Georgia"]
[Result "0-1"]
[WhiteElo "2282"]
[BlackElo "1989"]
[BlackCountry "GR"]
[BlackFideId "4206436"]
[BlackTeam "Thessaloniki"]
[BlackTitle "WFM"]
[WhiteCountry "SI"]
[WhiteFideId "14611481"]
[WhiteTeam "Ljubljana Women"]
[WhiteTitle "WIM"]

1. d4 Nf6 2. Nf3 e6 3. Bf4 b6 4. e3 Bb7 5. Nbd2 c5 6. c3 Nc6 7. Bd3 d6 8. 
O-O cxd4 9. exd4 Be7 10. h3 O-O 11. Re1 Rc8 12. a4 h6 13. Nc4 Nd5 14. Bh2 
Na5 15. Nxa5 bxa5 16. Nd2 Bg5 17. Ne4 Bf4 18. g3 Bg5 19. f4 Be7 20. Qe2 
Nf6 21. Nxf6+ Bxf6 22. Be4 Qb6 23. Rab1 Bxe4 24. Qxe4 Qb3 25. g4 Qxa4 26. 
g5 hxg5 27. fxg5 Bxg5 28. Bxd6 Rfe8 29. Qg4 Bf6 30. Re2 Qb5 31. Bc5 e5 32.
 Rf2 exd4 33. cxd4 Rc6 34. Qf5 Rce6 35. Rbf1 Qb3 36. Qg4 Re4 37. Qg2 Re3 
38. Rf3 Rxf3 39. Qxf3 Qxf3 40. Rxf3 Re1+ 41. Kf2 Rd1 42. Ke3 Rb1 43. Ke4 
Rxb2 44. Rd3 Re2+ 45. Kf3 Rh2 46. Kg3 Rb2 47. d5 a4 48. d6 Rb3 49. Rxb3 
axb3 50. Ba3 Be5+ 51. Kf3 Bxd6 52. Bb2 a5 53. Ke4 a4 54. Kd4 a3 55. Bc1 b2
0-1

[Event "European Cities & Towns Chess Championship - Women"]
[Site "Central Europe"]
[Date "2023.01.29"]
[Round "2.2.3"]
[White "Drakaki, Anna-Maria"]
[Black "Vidic, Teja"]
[Result "1-0"]
[WhiteElo "1941"]
[BlackElo "2138"]
[BlackCountry "SI"]
[BlackFideId "14605511"]
[BlackTeam "Ljubljana Women"]
[BlackTitle "WIM"]
[WhiteCountry "GR"]
[WhiteFideId "4225210"]
[WhiteTeam "Thessaloniki"]

1. d4 d5 2. c4 c6 3. cxd5 cxd5 4. Nc3 Nf6 5. Nf3 Nc6 6. Bf4 Bf5 7. e3 e6 
8. Bd3 Bxd3 9. Qxd3 Bd6 10. Bxd6 Qxd6 11. O-O O-O 12. Rac1 a6 13. Na4 Rac8
14. Nc5 Rc7 15. Rc3 Rfc8 16. Rfc1 Nd7 17. Nxd7 Qxd7 18. Qc2 f6 19. a3 g6 
20. h3 Kf8 21. b4 b5 22. Rc5 Ke8 23. h4 Kd8 24. Nd2 Ne7 25. Nb3 Nf5 26. g3
Nd6 27. Rxc7 Qxc7 28. Nc5 Ke7 29. Qe2 Kf7 30. Kg2 h5 31. Qf3 Qe7 32. Qf4 
Kg7 33. Re1 Rc6 34. Qf3 Nf5 35. Qd1 Nd6 36. Qd3 Qc7 37. Nxe6+ 1-0

[Event "European Cities & Towns Chess Championship - Women"]
[Site "Central Europe"]
[Date "2023.01.29"]
[Round "2.2.4"]
[White "Rozman, Monika"]
[Black "Pasoglou, Ekaterini"]
[Result "1/2-1/2"]
[WhiteElo "2125"]
[BlackElo "1872"]
[BlackCountry "GR"]
[BlackFideId "4247663"]
[BlackTeam "Thessaloniki"]
[WhiteCountry "SI"]
[WhiteFideId "14609118"]
[WhiteTeam "Ljubljana Women"]
[WhiteTitle "WFM"]

1. e4 c5 2. Nf3 d6 3. d4 cxd4 4. Nxd4 Nf6 5. Nc3 a6 6. Be3 e5 7. Nf3 Be7 
8. Bc4 h6 9. O-O O-O 10. Qe2 b5 11. Bb3 Nbd7 12. Rfd1 Qc7 13. Rd2 Nc5 14. 
Bd5 Rb8 15. a3 Ng4 16. h3 Nxe3 17. Qxe3 a5 18. Ba2 Be6 19. Nd5 Qb7 20. 
Rad1 Rfd8 21. c3 Na6 22. Nxe7+ Qxe7 23. Bd5 Nc7 24. Bxe6 Nxe6 25. Ne1 Nf4 
26. Nd3 Ne6 27. g3 g5 28. Ne1 Rd7 29. Nc2 Rbd8 30. Qe2 Nc7 31. Ne3 Qe6 32.
 Kg2 d5 33. Ng4 d4 34. cxd4 exd4 35. e5 Rd5 36. Nf6+ Kf8 37. Nxd5 Qxd5+ 
38. Kh2 Ne6 39. Rc1 d3 40. Qe3 b4 41. axb4 axb4 42. h4 Qd4 43. hxg5 hxg5 
44. Kg2 Qxe3 45. fxe3 Rd5 46. Rc4 b3 47. Rd4 Nxd4 48. exd4 Rxd4 49. Kf3 
Ke7 50. Ke3 Rg4 51. Kf3 Rd4 52. Ke3 Rg4 53. Rg2 Ke6 54. Kxd3 Kxe5 55. Kc3 
f5 56. Kxb3 f4 57. Re2+ Kd4 58. gxf4 gxf4 59. Re8 f3 60. Rf8 Ke3 61. Kc3 
f2 62. b4 Rg3 63. Rxf2 Kxf2+ 64. Kd4 Rb3 65. Kc4 Rb1 66. b5 Kf3 67. Kc5 
Ke4 68. b6 Rc1+ 69. Kd6 Rd1+ 70. Kc7 Rc1+ 71. Kd6 Rb1 72. Kc7 Rc1+ 73. Kd6
1/2-1/2

[Event "European Cities & Towns Chess Championship - Women"]
[Site "Central Europe"]
[Date "2023.01.29"]
[Round "2.3.1"]
[White "Cramling, Pia"]
[Black "Pica, Eleni"]
[Result "1-0"]
[WhiteElo "2458"]
[BlackElo "1048"]
[BlackCountry "CY"]
[BlackFideId "5910005"]
[BlackTeam "Nicosia"]
[WhiteCountry "SE"]
[WhiteFideId "1700030"]
[WhiteTeam "Stockholm 2 - Sweden"]
[WhiteTitle "GM"]

1. d4 d5 2. c4 e6 3. Nc3 Nf6 4. cxd5 exd5 5. Bg5 Be7 6. e3 h6 7. Bf4 O-O 
8. Bd3 c5 9. Nge2 Nc6 10. dxc5 Bxc5 11. O-O d4 12. Na4 Bb6 13. Nxb6 Qxb6 
14. Nxd4 Nxd4 15. exd4 Qxb2 16. Qf3 Qxd4 17. h3 Rd8 18. Rfd1 Qb6 19. Rab1 
Qc6 20. Qxc6 bxc6 21. Bh7+ Kxh7 22. Rxd8 Bf5 23. Rxa8 Bxb1 24. Rxa7 Kg6 
25. a4 Nd5 26. Be3 Bd3 27. a5 Kf6 28. Bd4+ Ke6 29. Bxg7 h5 30. Bd4 f5 31. 
Bc5 Nc3 32. a6 Bxa6 33. Rxa6 Kd5 34. Be3 Ne4 35. f3 Nd6 36. Ra8 c5 37. Bf4
Nf7 38. Rf8 Ke6 39. Kf2 c4 40. Ke2 Ne5 41. Re8+ Kd5 42. Bxe5 h4 43. Bf6 
Kc5 44. Rb8 Kd5 45. Kd2 f4 46. Bxh4 Kd4 47. Bf6+ Kd5 48. Kc3 Kc5 49. h4 
Kd5 50. h5 Ke6 51. h6 Kxf6 52. h7 Kg6 53. h8=Q Kf5 54. Qh5+ Kf6 55. Rb6+ 
Kg7 56. Qg6+ Kf8 57. Rb8+ Ke7 58. Rb7+ Kf8 59. Qf7# 1-0